00509nam a22001577a 4500008004100000040001800041041000800059100003600067245007300103260004700176300001700223500004800240650002000288650002300308650002000331130821s1894 enk gr eng  aCo-BoUCMbspa00aeng aShakespeare, WilliamD1564-161600aShakespeare's comedy of the taming of the shrewcWilliam Shakespeare aLondres (Inglaterra)bJ.M. Dent Sonsc1894 a133páginas aIncluye glosario y notas al final del texto04aComedia inglesa04aLiteratura inglesa04aTeatro inglés